| 000 | 00000nam##2200000za#4500 |
| 001 | 9.642161 |
| 003 | CaOODSP |
| 005 | 20210624223552 |
| 007 | cr ||||||||||| |
| 008 | 150407|1997||||xxc|||||o f|0| 0 fre|d |
| 040 | |aCaOODSP|bfre |
| 043 | |an-cn--- |
| 086 | 1 |aRH64-100/1997F-PDF |
| 110 | 1 |aCanada.|bDéveloppement des ressources humaines Canada. |bPolitique stratégique. |
| 245 | 10|aRapport final de l'évaluation de l'Initiative de partenariats sectoriels / |h[ressource électronique]|c[par] Évaluation et développement des données. |
| 260 | |aOttawa - Ontario : |bDéveloppement des ressources humaines Canada. |cNovembre 1997. |
| 300 | |a118p.|bfigures, tableaux |
| 504 | |aBibliographie. |
| 590 | |a13-16-Supp|b2013-07-12 |
| 775 | 08|tFinal evaluation report on the Sectoral Partnership Initiative / |w(CaOODSP)9.698168 |
| 856 | 40|ahttp://publications.gc.ca|qPDF|s369 Ko|uhttps://publications.gc.ca/collections/collection_2013/rhdcc-hrsdc/RH64-100-1997-fra.pdf |